000 00873nam a2200241Ia 4500
001 11800
003 GE_BSU
008 181216s||||||||xx |||||||||||||| ||und||
020 _a9789941938207
040 _cGE_BSU
080 _a811.353.1+39(479.22)+008(=353.1)(09)+94(479.22)+908(479.22
100 _aფუტკარაძე,ტარიელ
245 _aქართველოლოგიის შესავალი=Introduction to Kartvelology
245 _bსახ–ლო
260 _aთბილისი
260 _bქართული უნივერსიტეტი
260 _c2014
300 _a399გვ.25სმ.ილ.
300 _bბიბლიოგრ.გვ.323-353
300 _eდანართი გვ.354-398
653 _aქართველოლოგიის შესავალი
942 _cBK
999 _c44979
_d44979